La clase media o pequeña burguesía
Salvato in:
| Autore principale: | |
|---|---|
| Natura: | Libro |
| Lingua: | spagnolo |
| Pubblicazione: |
Santiago
Los Andes
1972
|
| Soggetti: | |
| Tags: |
Aggiungi Tag
Nessun Tag, puoi essere il primo ad aggiungerne!!
|
MARC
| LEADER | 00000nam a2200000 a 4500 | ||
|---|---|---|---|
| 001 | UCH1315 | ||
| 003 | CL-VaPUC | ||
| 008 | 090420e19720300CL |||||||||||||||||spa|d | ||
| 082 | 0 | 4 | |a 305.550983 |b SEP |2 21 |
| 100 | 0 | |a Sepúlveda Rondanelli, Julio |e author |9 535739 | |
| 245 | 1 | 3 | |a La clase media o pequeña burguesía |
| 300 | |a 89 p | ||
| 942 | |c BK | ||
| 945 | |d 20090420 00:00:00 |a dcastane | ||
| 260 | |a Santiago |b Los Andes |c 1972 | ||
| 500 | |a Recopilación de artículos publicados por la Revista Occidente en sus números 234,235,236,237,238,239,240,241,242 y 244 | ||
| 650 | 7 | |a CLASE MEDIA |2 CL-VaPUC |9 255144 | |
| 650 | 0 | |a Vida social |9 337244 | |
| 650 | 7 | |a HISTORIA SOCIAL SIGLO 19 |2 CL-VaPUC |9 440414 | |
| 583 | |a last modification |c 20160829 04:42:22 |k Rodrigo Vera | ||
| 999 | |c 333366 |d 333364 | ||
| 952 | |0 0 |1 0 |4 0 |6 305_550983000000000_SEP_1972 |7 0 |8 A |9 421716 |a BIBGIM |b BIBGIM |d 2019-11-22 |i 4518934 |o 305.550983 SEP 1972 |p 4518934 |r 2025-01-15 |w 2019-11-22 |y BK |k SSL | ||